A través del Egipto / (Registro nro. 166356)

Detalles MARC
000 -LEADER
campo de control de longitud fija 00892nam a2200193 i 4500
001 - NÚMERO DE CONTROL
campo de control 166356
003 - IDENTIFICADOR DE NÚMERO DE CONTROL
campo de control ES-MaACL
005 - FECHA Y HORA DE LA ÚLTIMA TRANSACCIÓN
campo de control 20251017063110.0
008 - DATOS DE LONGITUD FIJA--INFORMACIÓN GENERAL
campo de control de longitud fija 950111s1889 sp af |||| | spa d
100 1# - ENTRADA PRINCIPAL--NOMBRE DE PERSONA
Nombre de persona Toda, Eduardo,
Fechas asociadas al nombre 1852-1941
9 (RLIN) 133280
245 10 - MENCIÓN DEL TÍTULO
Título A través del Egipto /
Mención de responsabilidad, etc. por Eduardo Toda Güell ; ilustraciones de José Riudavets.
260 ## - PUBLICACIÓN, DISTRIBUCIÓN, ETC.
Lugar de publicación, distribución, etc. Madrid :
Nombre del editor, distribuidor, etc. El Progreso Editorial,
Fecha de publicación, distribución, etc. 1889.
300 ## - DESCRIPCIÓN FÍSICA
Extensión 470 p. [33] h. de lám. ;
Dimensiones 29 cm.
599 ## - NOTA A LAS ILUSTRACIONES
NOTA A LAS ILUSTRACIONES Las [33] h. de lám. intercaladas en el texto algunas firmadas: "J. Cebrian Pinto, lit. de Fernandez"
651 #4 - PUNTO DE ACCESO ADICIONAL DE MATERIA--NOMBRE GEOGRÁFICO
Nombre geográfico Egipto-
Subdivisión general Descripción.
9 (RLIN) 8141
700 1# - ENTRADA AGREGADA--NOMBRE PERSONAL
Nombre de persona Riudavets, José.
9 (RLIN) 147778
852 ## - LOCALIZACIÓN
Ubicación ES-MaACL
Número de control de estantería C-2289
Nota libre -- Enc. tela
-- .- Sellos de la biblioteca del Ateneo semiborrados.- Anotación manuscrita: "Recuperado en 4 diciembre 1929 por el auxiliar de la biblioteca Alberto Gallego"
Existencias
Estatus retirado Estado de pérdida Estado de daño No para préstamo Colección Biblioteca de origen Biblioteca actual Ubicación en estantería Fecha de adquisición Fuente de adquisición Total de préstamos Signatura topográfica completa Código de barras Visto por última vez Precio de reemplazo Tipo de ítem Koha
        Libros del s. XIX Biblioteca del Ateneo de Madrid Biblioteca del Ateneo de Madrid Sala Palomar 17/01/2008     C-2289 1174464 23/02/2023 23/02/2023 Libro impreso antiguo